| 000 | 01287pam a2200397 ia4500 | ||
|---|---|---|---|
| 001 | vtls000859708 | ||
| 003 | PNM | ||
| 005 | 20200604110840.0 | ||
| 008 | 180906s2019 my a b 000 1 may | ||
| 015 | _aM19-03346 | ||
| 020 |
_a9789672141198 _qset |
||
| 020 |
_a9789672141211 _qpaperback _cRM10.00 (Harga Denda Bahan Hadiah) |
||
| 039 | 9 |
_a201905290830 _bsiti _c201905271558 _dkalthom _c201904081708 _dhema _c201809140808 _damy_z |
|
| 040 |
_aBNM _beng _cBNM _erda _dPPAK |
||
| 049 | _amal | ||
| 082 | 0 | 4 |
_a499.2386 _223 |
| 090 | 0 | 0 |
_a499.2386 _bRUS _dK |
| 100 | 0 |
_aRusilawati Kamarudin, _d1968- _eauthor. |
|
| 245 | 1 | 0 |
_aSKUAD OKTO DAN PAUS JERUNG / _cRusilawati Kamarudin |
| 264 | 1 |
_aShah Alam, Selangor : _bLANGKAH BESTARI TRADING, _c2019 |
|
| 300 |
_a14 pages : _bcolour illustrations ; _c26 cm |
||
| 336 |
_atext _2rdacontent |
||
| 337 |
_aunmediated _2rdamedia |
||
| 338 |
_avolume _2rdacarrier |
||
| 490 | 1 | _aSIRI PENEROKAAN MARIN | |
| 500 | _aIncludes questions and exercises | ||
| 650 | 1 | 0 |
_aMalay language _vReaders |
| 650 | 2 | 0 | _aChildren's stories, Malay |
| 650 | 2 | 0 |
_aAdventure and adventurers _vFiction |
| 650 | 2 | 0 | _aMalay fiction |
| 830 | 0 | _aSiri penerokaan marin | |
| 942 |
_2ddc _cB |
||
| 949 | _62000633256 | ||
| 949 | _62000633257 | ||
| 949 | _62000633258 | ||
| 999 |
_c177435 _d177435 |
||